00799 2200229 4500001002100000005001700021008004100038035002400079082001000103090002100113100001600134245020900150260002900359300003400388500006100422650002100483850002100504980001400525985000600539986000900545999001500554YOGYA-0209000004354420090227030144.0 ind  0010-020900000043544 a371.3 a371.3bSri KlSK aSRI HARTINI aKontribusi kegiatan ekstrakurikuler dan layanan bimbingan konseling terhadap prestasi belajar siswa kelas II semester 2 SMA Negeri Sewon Bantul Yogyakarta tahun ajaran 1992-1993bskripsicoleh Sri Hartini aYogyakartab[s.n.]c1993 axiii, 100 lembarbilusc30 cm aSkripsi jurusan ilmu pendidikan STKIP Catur Sakti Bantul aPrestasi belajar aYOPDYOG [TRM 29] a15-9-2007 a1 aRuni a07A0026295